Google desafía a Europa (Record no. 179916)

MARC details
000 -LEADER
campo de control de longitud fija 00957nam a2200265 i 4500
001 - NÚMERO DE CONTROL
campo de control 179916
003 - IDENTIFICADOR DE NÚMERO DE CONTROL
campo de control ES-MaACL
005 - FECHA Y HORA DE LA ÚLTIMA TRANSACCIÓN
campo de control 20230927165021.0
008 - DATOS DE LONGITUD FIJA--INFORMACIÓN GENERAL
campo de control de longitud fija 120224s2007 sp |||| | spa d
020 ## - NÚMERO INTERNACIONAL ESTÁNDAR DEL LIBRO
Número Internacional Estándar del Libro 978-84-370-6862-6
080 ## - NÚMERO DE LA CLASIFICACIÓN DECIMAL UNIVERSAL
Número de la Clasificación Decimal Universal 004.738.5 Google
080 ## - NÚMERO DE LA CLASIFICACIÓN DECIMAL UNIVERSAL
Número de la Clasificación Decimal Universal 025.7/.9:004.62
100 1# - ENTRADA PRINCIPAL--NOMBRE DE PERSONA
Nombre de persona Jeanneney, Jean-Noël.
9 (RLIN) 66251
245 10 - MENCIÓN DEL TÍTULO
Título Google desafía a Europa
Resto del título : el mito del conocimiento universal /
Mención de responsabilidad, etc. Jean-Noël Jeanneney ; traducción de Antoni Furió.
260 ## - PUBLICACIÓN, DISTRIBUCIÓN, ETC.
Lugar de publicación, distribución, etc. [Valencia] :
Nombre del editor, distribuidor, etc. Universitat de València,
Fecha de publicación, distribución, etc. 2007.
300 ## - DESCRIPCIÓN FÍSICA
Extensión 161 p. ;
Dimensiones 22 cm.
630 07 - PUNTO DE ACCESO ADICIONAL DE MATERIA--TÍTULO UNIFORME
Título uniforme Google.
9 (RLIN) 149448
650 #7 - PUNTO DE ACCESO ADICIONAL DE MATERIA--TÉRMINO DE MATERIA
Término de materia o nombre geográfico como elemento de entrada Materiales bibliotecarios-
Subdivisión general Digitalización.
9 (RLIN) 145770
650 #4 - PUNTO DE ACCESO ADICIONAL DE MATERIA--TÉRMINO DE MATERIA
Término de materia o nombre geográfico como elemento de entrada Recuperación de la información.
9 (RLIN) 149450
700 1# - ENTRADA AGREGADA--NOMBRE PERSONAL
Nombre de persona Furió, Antoni (
Forma completa/desarrollada del nombre Furió Diego)
9 (RLIN) 149449
710 2# - ENTRADA AGREGADA--NOMBRE DE ENTIDAD CORPORATIVA
Nombre de entidad corporativa o nombre de jurisdicción como elemento de entrada Universidad de Valencia.
9 (RLIN) 7314
852 ## - LOCALIZACIÓN
Ubicación ES-MaACL
Número de control de estantería A-11994
itemnumber 186820
Sublocalización o colección R.146940
Ubicación en estantería Depósito 1
Signatura antigua Olim: N-4999
942 ## - ELEMENTOS DE ENTRADA SECUNDARIOS (KOHA)
Fuente del sistema de clasificación o colocación Clasificación decimal universal
Tipo de ítem Koha Libro impreso
Holdings
Estatus retirado Estado de pérdida Fuente del sistema de clasificación o colocación Estado de daño No para préstamo Biblioteca de origen Biblioteca actual Ubicación en estantería Fecha de adquisición Fuente de adquisición Total de préstamos Signatura topográfica completa Código de barras Visto por última vez Precio de reemplazo Tipo de ítem Koha
    Clasificación decimal universal     Biblioteca del Ateneo de Madrid Biblioteca del Ateneo de Madrid Depósito 1 24/02/2012 Compra   A-11994 1189010 23/02/2023 23/02/2023 Libro impreso